With Gratitude and Trust: Serving the Church and the Nation (Record no. 226926)
[ view plain ]
| 000 -LEADER | |
|---|---|
| fixed length control field | 00924nam a22002657a 4500 |
| 005 - DATE AND TIME OF LATEST TRANSACTION | |
| control field | 20230307150902.0 |
| 008 - FIXED-LENGTH DATA ELEMENTS--GENERAL INFORMATION | |
| fixed length control field | 230307b ||||| |||| 00| 0 eng d |
| 020 ## - INTERNATIONAL STANDARD BOOK NUMBER | |
| International Standard Book Number | 9788188360574 |
| 040 ## - CATALOGING SOURCE | |
| Transcribing agency | AL |
| 041 ## - LANGUAGE CODE | |
| Language code of text/sound track or separate title | English |
| 082 ## - DEWEY DECIMAL CLASSIFICATION NUMBER | |
| Edition number | 23 |
| Classification number | 275.4 |
| Item number | PANW |
| 100 ## - MAIN ENTRY--PERSONAL NAME | |
| Personal name | Kuruvilla Pandikattu and others |
| 100 ## - MAIN ENTRY--PERSONAL NAME | |
| 9 (RLIN) | 74465 |
| 245 ## - TITLE STATEMENT | |
| Title | With Gratitude and Trust: Serving the Church and the Nation |
| 260 ## - PUBLICATION, DISTRIBUTION, ETC. | |
| Place of publication, distribution, etc. | Pune |
| Name of publisher, distributor, etc. | Papal Seminary |
| Date of publication, distribution, etc. | 2019 |
| 300 ## - PHYSICAL DESCRIPTION | |
| Extent | xviii,314 p. |
| Other physical details | PB |
| Dimensions | 21x13 cm. |
| 365 ## - TRADE PRICE | |
| Price type code | 02302 |
| Currency code | ₹ |
| Unit of pricing | ₹300.00 |
| Price effective from | 01-12-2022 |
| 650 ## - SUBJECT ADDED ENTRY--TOPICAL TERM | |
| Topical term or geographic name entry element | India Church History Congresses |
| 9 (RLIN) | 74466 |
| 650 ## - SUBJECT ADDED ENTRY--TOPICAL TERM | |
| Topical term or geographic name entry element | Mission of the Church India Congresses |
| 9 (RLIN) | 74467 |
| 650 ## - SUBJECT ADDED ENTRY--TOPICAL TERM | |
| Topical term or geographic name entry element | Church and Social Problems India Congresses |
| 9 (RLIN) | 74468 |
| 650 ## - SUBJECT ADDED ENTRY--TOPICAL TERM | |
| Topical term or geographic name entry element | Spirituality Christianity Congresses |
| 9 (RLIN) | 74469 |
| 700 ## - ADDED ENTRY--PERSONAL NAME | |
| Personal name | PANDIKATTU (Kuruvilla) Ed |
| 9 (RLIN) | 74470 |
| 700 ## - ADDED ENTRY--PERSONAL NAME | |
| Personal name | Vazhapilly (Sebastion) Ed |
| 9 (RLIN) | 74471 |
| 700 ## - ADDED ENTRY--PERSONAL NAME | |
| Personal name | LANKAPALLI (Prasad) Ed |
| 9 (RLIN) | 74472 |
| 942 ## - ADDED ENTRY ELEMENTS (KOHA) | |
| Source of classification or shelving scheme | Dewey Decimal Classification |
| Koha item type | Book |
| Withdrawn status | Lost status | Source of classification or shelving scheme | Damaged status | Not for loan | Collection code | Home library | Current library | Date acquired | Source of acquisition | Cost, normal purchase price | Total Checkouts | Full call number | Barcode | Date last seen | Cost, replacement price | Price effective from | Koha item type |
|---|---|---|---|---|---|---|---|---|---|---|---|---|---|---|---|---|---|
| Dewey Decimal Classification | Others | St Aloysius Library | St Aloysius Library | 03/02/2023 | Papal Seminary Pune Maharashtra 411014 | 300.00 | 275.4 PANW | 076432 | 03/07/2023 | 300.00 | 03/07/2023 | Book |